[Event "Wch U18 Girls"]
[Site "Florianopolis"]
[Date "2024.11.03"]
[Round "6"]
[White "Hernandez Diaz, Paula Sofia"]
[Black "Apine, Emilija"]
[Result "1-0"]
[WhiteElo "1980"]
[BlackElo "1798"]
[PlyCount "115"]
[EventDate "2024.10.29"]
[EventType "swiss"]
[EventRounds "11"]
[EventCountry "BRA"]
[SourceTitle "CB45_2024"]
[Source "ChessBase"]
[SourceDate "2024.11.06"]
[SourceVersion "1"]
[SourceVersionDate "2024.11.06"]
[SourceQuality "1"]

1. d4 d5 2. c4 dxc4 3. e4 Nc6 4. d5 Ne5 5. f4 Nd3+ 6. Bxd3 cxd3 7. Qxd3 e6 8. Nc3 Nf6 9. Qb5+ Bd7 10. Qxb7 Rb8 11. Qa6 Bb4 12. Qd3 exd5 13. Bd2 Bxc3 14. Bxc3 dxe4 15. Qd4 0-0 16. 0-0-0 Bg4 17. Qxd8 Rfxd8 18. Re1 Nd5 19. Ne2 Bxe2 20. Rxe2 Nxc3 21. bxc3 f5 22. g4 g6 23. Rg1 Kf7 24. gxf5 gxf5 25. Rg5 Kf6 26. Rh5 Rd3 27. Kc2 Kg6 28. Rg5+ Kf6 29. Rh5 Kg6 30. Rg5+ Kf6 31. Rh5 Rf3 32. Rh6+ Kg7 33. Rc6 Rb7 34. Rg2+ Kf7 35. Rh6 Rxf4 36. Rxh7+ Ke6 37. Rg6+ Kd5 38. Rd7+ Kc5 39. Rd2 Rf1 40. Rg5 Kc6 41. h4 Rfb1 42. c4 e3 43. Rdg2 R7b2+ 44. Kd3 e2 45. Rxe2 Rd1+ 46. Ke3 f4+ 47. Kf2 Rbb1 48. Kf3 Rf1+ 49. Rf2 Rh1 50. Rg4 Kc5 51. Rxf4 Rbg1 52. Rg4 Rd1 53. Re2 Rd3+ 54. Kf4 Rd8 55. Re4 Rh2 56. a3 Rh8 57. Re5+ Kxc4 58. Kg3+ 1-0

[Event "Wch U18 Girls"]
[Site "Florianopolis"]
[Date "2024.11.02"]
[Round "5"]
[White "Apine, Emilija"]
[Black "Mendoza Gomez, Juana Fernanda"]
[Result "1-0"]
[WhiteElo "1798"]
[BlackElo "1892"]
[PlyCount "73"]
[EventDate "2024.10.29"]
[EventType "swiss"]
[EventRounds "11"]
[EventCountry "BRA"]
[SourceTitle "CB45_2024"]
[Source "ChessBase"]
[SourceDate "2024.11.06"]
[SourceVersion "1"]
[SourceVersionDate "2024.11.06"]
[SourceQuality "1"]

1. e4 c5 2. Nf3 Nc6 3. d4 cxd4 4. Nxd4 Nf6 5. Nc3 e5 6. Ndb5 d6 7. Nd5 Nxd5 8. exd5 Nb8 9. c4 Be7 10. Bd3 0-0 11. 0-0 a6 12. Nc3 f5 13. f3 Nd7 14. Kh1 Bg5 15. Bxg5 Qxg5 16. b4 Rf6 17. Qc2 Nf8 18. Na4 Bd7 19. Nb6 Rd8 20. Nxd7 Nxd7 21. c5 dxc5 22. bxc5 Rc8 23. c6 Nb8 24. Qb3 Rh6 25. d6+ Kh8 26. Qxb7 Rg8 27. c7 Qg3 28. Kg1 Rxh2 29. Rf2 Qh4 30. Kf1 Qd4 31. cxb8Q Rh1+ 32. Ke2 Rxa1 33. Qxg8+ Kxg8 34. Qc8+ Kf7 35. Qxf5+ Kg8 36. Qe6+ Kf8 37. Qe7+ 1-0